000 00673nam a2200265Ia 4500
003 OSt
005 20221006142508.0
006 a|||||r|||| 00| 0
007 ta
008 221006b |||||||| |||| 00| 0 eng d
020 _cP2.50
024 _a6,477
037 _cTextual
040 _aEASL
_cEASL
_beng
041 _2eng
_aeng
082 _aY.41.N64, K6
100 _aWILSON Dick
245 0 _aQuarter of mankind
_b An anatomy of China Today
260 _aLondon
_bWeidenfeld and Nicolson
_c1966
300 _a308p.
_ccm.
490 _v CEL
650 _aCEL
942 _hY.41.N64, K6
_cTEXL
_2CC
999 _c1074563
_d1074563